COMPUTER FUNDAMENTALS (Record no. 15864)
[ view plain ]
| 000 -LEADER | |
|---|---|
| fixed length control field | 00309nam a22001457a 4500 |
| 003 - CONTROL NUMBER IDENTIFIER | |
| control field | SGT |
| 020 ## - INTERNATIONAL STANDARD BOOK NUMBER | |
| International Standard Book Number | 978-81-317-3309-7 |
| 082 ## - DEWEY DECIMAL CLASSIFICATION NUMBER | |
| Classification number | 621.381 |
| Item number | C18G |
| 100 ## - MAIN ENTRY--PERSONAL NAME | |
| Personal name | GOEL, ANITA |
| 245 ## - TITLE STATEMENT | |
| Title | COMPUTER FUNDAMENTALS |
| 250 ## - EDITION STATEMENT | |
| Edition statement | 1ST |
| 260 ## - PUBLICATION, DISTRIBUTION, ETC. (IMPRINT) | |
| Place of publication, distribution, etc | INDIA |
| Name of publisher, distributor, etc | PEARSON |
| Year of Publication | 2018 |
| 300 ## - PAGE DESCRIPTION | |
| No. of Pages | 550 |
| 942 ## - ADDED ENTRY ELEMENTS (KOHA) | |
| Source of classification or shelving scheme | Dewey Decimal Classification |
| Koha item type | Books |
| 942 ## - ADDED ENTRY ELEMENTS (KOHA) | |
| -- | 34 |
| Withdrawn status | Lost status | Source of classification or shelving scheme | Damaged status | Not for loan | Collection code | Home library | Current library | Shelving location | Date acquired | Vendor Name | Cost, normal purchase price | SGTU | Bill Number | Total Checkouts | Full call number | Accession No. (Barcode) | Date last seen | Date last borrowed | Bill Date | Koha item type |
|---|---|---|---|---|---|---|---|---|---|---|---|---|---|---|---|---|---|---|---|---|
| Dewey Decimal Classification | MEDICAL | SGT Medical Library | SGT Medical Library | Text Book | 30/08/2018 | ABC | 469.00 | SGTU | 9842 | 6 | 621.381 C18G | FM10886 | 09/01/2025 | 28/12/2024 | 21/06/2018 | Books | ||||
| Dewey Decimal Classification | MEDICAL | SGT Medical Library | SGT Medical Library | Text Book | 30/08/2018 | ABC | 469.00 | SGTU | 9842 | 17 | 621.381 C18G | FM10887 | 09/01/2025 | 07/01/2025 | 21/06/2018 | Books | ||||
| Dewey Decimal Classification | MEDICAL | SGT Medical Library | SGT Medical Library | Text Book | 30/08/2018 | ABC | 469.00 | SGTU | 9842 | 11 | 621.381 C18G | FM10888 | 11/01/2025 | 28/12/2024 | 21/06/2018 | Books | ||||
| Dewey Decimal Classification | MEDICAL | SGT Medical Library | SGT Medical Library | Text Book | 30/08/2018 | ABC | 469.00 | SGTU | 9842 | 5 | 621.381 C18G | FM10889 | 07/11/2024 | 22/10/2024 | 21/06/2018 | Books | ||||
| Dewey Decimal Classification | MEDICAL | SGT Medical Library | SGT Medical Library | Text Book | 30/08/2018 | ABC | 469.00 | SGTU | 9842 | 1 | 621.381 C18G | FM10890 | 07/03/2019 | 08/02/2019 | 21/06/2018 | Books |